al-Baṭal al-majhūl. (Record no. 45776)
[ view plain ]
| 000 -LEADER | |
|---|---|
| fixed length control field | 00495cam a22002051 4500 |
| 001 - CONTROL NUMBER | |
| control field | ne 63000769 |
| 003 - CONTROL NUMBER IDENTIFIER | |
| control field | DLC |
| 005 - DATE AND TIME OF LATEST TRANSACTION | |
| control field | 20260227111744.0 |
| 008 - FIXED-LENGTH DATA ELEMENTS--GENERAL INFORMATION | |
| fixed length control field | 881028q19601963xx 000 0 arar |
| 010 ## - LIBRARY OF CONGRESS CONTROL NUMBER | |
| LC control number | ne 63000769 |
| 035 ## - SYSTEM CONTROL NUMBER | |
| System control number | (OCoLC)23493885 |
| 040 ## - CATALOGING SOURCE | |
| Original cataloging agency | DLC |
| Transcribing agency | MiU |
| Modifying agency | DLC |
| 042 ## - AUTHENTICATION CODE | |
| Authentication code | premarc |
| 050 00 - LIBRARY OF CONGRESS CALL NUMBER | |
| Classification number | PJ7826.H3 |
| Item number | B3 |
| 100 1# - MAIN ENTRY--PERSONAL NAME | |
| Personal name | Gharīb, Muḥammad ʻAlī. |
| 245 13 - TITLE STATEMENT | |
| Title | al-Baṭal al-majhūl. |
| 260 ## - PUBLICATION, DISTRIBUTION, ETC. | |
| Place of publication, distribution, etc. | [n. p.] |
| Date of publication, distribution, etc. | [196-] |
| 300 ## - PHYSICAL DESCRIPTION | |
| Extent | 95 p. |
| Dimensions | 24 cm. |
| 500 ## - GENERAL NOTE | |
| General note | Romanized. |
No items available.